000
00258 a2200121 4500
001
70891
082
_a
620.103 BED
090
_c
38737
_d
38737
100
_a
Bedford,Anthony
245
_a
Statics
260
_a
USA
_b
Addison Wesley
_c
1994
300
_a
608.p
942
_a
caenust
_k
620.103 BED
999
_c
305964
_d
305964